| 000 | 01260nam a2200349 a 4500 | ||
|---|---|---|---|
| 001 | |||
| 003 | DO-SdBNP | ||
| 005 | 20210825104856.0 | ||
| 008 | 091202s2011 dr c 001 0 spa d | ||
| 020 | _a9789945004991 | ||
| 040 |
_aDO-SdBNP _bspa _cBPMSU |
||
| 082 |
_a972.93 _bG984m 2011 _222 |
||
| 100 | 1 |
_aGutiérrez Félix, Euclides, _d1936- |
|
| 245 | 1 | 4 |
_aLos magnicidios dominicanos / _cEuclides Gutiérrez Félix ; edición Cándido Gerón. |
| 250 | _a2a. ed. actualizada y corregida | ||
| 260 |
_aSanto Domingo : _bCorripio, _c2011 |
||
| 300 |
_a239 p. : _bretrs. ; _c23 cm. |
||
| 500 | _aIncluye índice onomástico y notas al pie de las páginas | ||
| 500 | _aIncluye datos biográficos del autor en la solapa de la cubierta | ||
| 504 | _aBibliografía: p. 227-231 | ||
| 590 | _6Inventariado, 2021/VM | ||
| 650 | 4 |
_aDictadores _zRepública Dominicana _xHistoria |
|
| 650 | 4 |
_aPresidentes _zRepública Dominicana _xHistoria |
|
| 650 | 4 |
_aPresidentes _zAmérica Latina |
|
| 650 | 4 |
_aDictadores _zAmérica Latina |
|
| 650 | 4 | _aHomicidio político | |
| 651 | 4 |
_aRepública Dominicana _xHistoria |
|
| 651 | 4 |
_aRepública Dominicana _xPolítica Y Gobierno |
|
| 700 | 1 |
_aGerón, Candido, _d1950- _eed. |
|
| 910 | _aVMateo V. | ||
| 942 |
_2ddc _cBK |
||
| 999 |
_c13686 _d13686 |
||